000 00246nam a22001217a 4500
008 190129b xxu||||| |||| 00| 0 eng d
041 _aeng
080 _a531
100 _a43
101 _aFIZ
245 _aPhysics
_cGenzer, I
942 _2udc
_cBK
999 _c53881
_d53881